[Event "ESP-ch U12"]
[Site "Salobrena"]
[Date "2023.07.10"]
[Round "2"]
[White "Gil Martin, Sara"]
[Black "Collado Perez, Marcos"]
[Result "1-0"]
[WhiteElo "1202"]
[BlackElo "1503"]
[PlyCount "117"]
[EventDate "2023.07.10"]
[EventType "swiss"]
[EventRounds "9"]
[EventCountry "ESP"]
[SourceTitle "EXT 2024"]
[Source "ChessBase"]
[SourceDate "2023.10.10"]
[SourceVersion "1"]
[SourceVersionDate "2023.10.10"]
[SourceQuality "1"]

1. e4 c5 2. Nc3 Nc6 3. g3 g6 4. Bg2 Bg7 5. d3 d6 6. Be3 Nf6 7. h3 b5 8. f4 b4 9. Nce2 Bb7 10. Nf3 Qd7 11. 0-0 h5 12. a3 Ng4 13. hxg4 hxg4 14. Nd2 Bxb2 15. Ra2 bxa3 16. c3 Ba6 17. Nc4 Bxc4 18. dxc4 Qe6 19. Qd5 Kd7 20. e5 Rac8 21. Rd1 Na5 22. Bc1 Nxc4 23. Bxb2 Qxd5 24. Bxd5 Ne3 25. Rd3 Nxd5 26. Rxd5 axb2 27. Rxb2 a5 28. c4 Kc6 29. Rd1 dxe5 30. fxe5 Rh5 31. Re1 Rxe5 32. Nd4+ Kd6 33. Rb6+ Kc7 34. Rc6+ Kd7 35. Rxe5 Rxc6 36. Nxc6 Kxc6 37. Rxe7 Kb6 38. Rxf7 a4 39. Rf8 Ka5 40. Rb8 a3 41. Rb5+ Ka4 42. Rb8 a2 43. Ra8+ Kb3 44. Kf2 Kb2 45. Ke3 a1Q 46. Rxa1 Kxa1 47. Ke4 Kb2 48. Kd5 Kc3 49. Kxc5 Kd3 50. Kd5 Ke3 51. c5 Kf3 52. c6 Kxg3 53. c7 Kh2 54. c8Q g3 55. Qh8+ Kg1 56. Ke4 g2 57. Kf3 g5 58. Qh3 g4+ 59. Qxg4 1-0

[Event "ESP-ch U12"]
[Site "Salobrena"]
[Date "2023.07.10"]
[Round "1"]
[White "Karpukhin, Andrei"]
[Black "Gil Martin, Sara"]
[Result "0-1"]
[WhiteElo "1579"]
[BlackElo "1202"]
[PlyCount "57"]
[EventDate "2023.07.10"]
[EventType "swiss"]
[EventRounds "9"]
[EventCountry "ESP"]
[SourceTitle "EXT 2024"]
[Source "ChessBase"]
[SourceDate "2023.10.10"]
[SourceVersion "1"]
[SourceVersionDate "2023.10.10"]
[SourceQuality "1"]

1. e4 e5 2. Nf3 Nc6 3. Bc4 Bc5 4. c3 Nf6 5. d4 exd4 6. cxd4 Bb6 7. Bg5 h6 8. Bh4 g5 9. Bg3 Nxe4 10. 0-0 d5 11. Bb3 Be6 12. h3 Qd7 13. Ne5 Nxe5 14. Bxe5 f6 15. Bh2 0-0-0 16. Ba4 Qg7 17. f3 Nd6 18. g4 f5 19. Be5 Qxe5 20. Kg2 Qg7 21. Na3 Bxd4 22. Rb1 fxg4 23. hxg4 h5 24. Re1 Bd7 25. Bxd7+ Rxd7 26. Qa4 hxg4 27. fxg4 Rf7 28. Rh1 Rf2+ 29. Kg1 0-1